[Event "SK Weilheim 1-SK Schwandorf 1"]
[Site "?"]
[Date "2023.11.19"]
[Round "2.5"]
[White "Muehling, Werner"]
[Black "Lochte, Thomas"]
[Result "1-0"]
[WhiteElo "2015"]
[BlackElo "1964"]
[PlyCount "111"]
[EventDate "2023.??.??"]
[WhiteTeam "SK Schwandorf 1"]
[BlackTeam "SK Weilheim 1"]

1. d4 Nf6 2. e3 d5 3. Bd3 Bg4 4. f3 Bh5 5. Ne2 Nbd7 6. Nf4 e5 7. Nxh5 Nxh5 8. O-O exd4 9. exd4 Qf6 10. Re1+ Be7 11. c3 g5 12. g3 Ng7 13. f4 gxf4 14. Bxf4 Ne6 15. Rf1 Nxf4 16. Rxf4 Qe6 17. Bf5 Qe3+ 18. Kg2 O-O-O 19. Qd2 Qxd2+ 20. Nxd2 Bg5 21. Rf2 Bxd2 22. Rxd2 Rde8 23. Rf1 Re7 24. Rdf2 Rf8 25. Bxh7 Nb6 26. Bd3 Re3 27. Bg6 Kd8 28. Bxf7 c6 29. Bg6 Rxf2+ 30. Kxf2 Re6 31. Bd3 Rf6+ 32. Kg2 Rxf1 33. Bxf1 Na4 34. Kf3 Nxb2 35. Ke2 b5 36. h4 Ke7 37. g4 Nc4 38. g5 Nd6 39. Kd3 Ne4 40. Bg2 Nd6 41. Bf3 Nf5 42. h5 Nd6 43. Ke3 a5 44. Kf4 b4 45. cxb4 axb4 46. Bd1 Nb5 47. Ke5 Nc3 48. Bb3 Ne4 49. Ba4 Nc3 50. Bb3 Ne4 51. Ba4 Nc3 52. Bxc6 Nxa2 53. Bxd5 Nc3 54. Bc4 Nb1 55. h6 Nd2 56. Bd5 1-0

[Event "SK Weilheim 1-SK Schwandorf 1"]
[Site "?"]
[Date "2023.11.19"]
[Round "2.7"]
[White "Steger, Eric"]
[Black "Muhl, Christian"]
[Result "1-0"]
[WhiteElo "1967"]
[BlackElo "1891"]
[PlyCount "117"]
[EventDate "2023.??.??"]
[WhiteTeam "SK Schwandorf 1"]
[BlackTeam "SK Weilheim 1"]

1. c4 Nf6 2. g3 c5 3. Bg2 Nc6 4. Nc3 g6 5. Nf3 Bg7 6. O-O O-O 7. d3 d6 8. a3 Rb8 9. Rb1 Nd7 10. Qc2 Nd4 11. Nxd4 cxd4 12. Ne4 b5 13. c5 dxc5 14. Nxc5 b4 15. axb4 Rxb4 16. Bd2 Rb8 17. b4 Qb6 18. Ra1 Be5 19. Qc4 Bd6 20. Nxd7 Bxd7 21. Ra6 Qb5 22. Qxb5 Bxb5 23. Rxa7 Rfc8 24. Bg5 Bxb4 25. Bxe7 Bxe7 26. Rxe7 Bc6 27. Rc1 Bxg2 28. Rxc8+ Rxc8 29. Kxg2 Rd8 30. Kf3 Kf8 31. Re5 f6 32. Ra5 Rd7 33. g4 h6 34. h4 Kf7 35. Rb5 Kg7 36. g5 fxg5 37. hxg5 h5 38. Ke4 Re7+ 39. Re5 Rd7 40. Rd5 Re7+ 41. Kf3 Rf7+ 42. Kg3 Re7 43. Kf3 Rf7+ 44. Kg2 Rf4 45. Kg3 Rg4+ 46. Kh3 Rf4 47. f3 h4 48. Re5 Kf7 49. Re4 Rf5 50. Kxh4 Rd5 51. Kg4 Rd8 52. f4 Rd5 53. Re5 Rd8 54. Kf3 Ra8 55. Rd5 Ra4 56. Re5 Rb4 57. Re4 Ra4 58. e3 Ra3 59. Rxd4 1-0

[Event "SK Weilheim 1-SK Schwandorf 1"]
[Site "?"]
[Date "2023.11.19"]
[Round "2.8"]
[White "Kobold, Jonathan"]
[Black "Paar, Johannes"]
[Result "0-1"]
[WhiteElo "1919"]
[BlackElo "1947"]
[PlyCount "65"]
[EventDate "2023.??.??"]
[WhiteTeam "SK Weilheim 1"]
[BlackTeam "SK Schwandorf 1"]

1. e4 c5 2. c3 Nf6 3. e5 Nd5 4. Nf3 b6 5. d4 cxd4 6. cxd4 e6 7. Bd3 Bb7 8. a3 Be7 9. h4 d6 10. Ng5 Qc7 11. f4 h6 12. Nf3 Nd7 13. Bd2 O-O 14. g4 dxe5 15. fxe5 f6 16. g5 fxe5 17. gxh6 exd4 18. Rg1 Rf7 19. Qe2 Ne3 20. Ng5 Bxg5 21. hxg5 Bf3 22. Qf2 Qe5 23. Bxe3 dxe3 24. Qc2 Nc5 25. Bh7+ Kh8 26. hxg7+ Rxg7 27. g6 Rd8 28. Nc3 Nd3+ 29. Kf1 Qf4 30. Rg2 Bxg2+ 31. Kxg2 Qg4+ 32. Kh2 Qh4+ 33. Kg1 0-1

[Event "TSV Trostberg 1-SF Augsburg 1"]
[Site "?"]
[Date "2023.11.19"]
[Round "2.1"]
[White "Colovic, Aleksandar"]
[Black "Bauer, Sebastian"]
[Result "1-0"]
[WhiteElo "2416"]
[BlackElo "2288"]
[PlyCount "49"]
[EventDate "2023.??.??"]
[WhiteTeam "SF Augsburg 1"]
[BlackTeam "TSV Trostberg 1"]

1. d4 Nf6 2. Nf3 g6 3. g3 Bg7 4. Bg2 O-O 5. O-O d6 6. b3 e5 7. dxe5 dxe5 8. Ba3 Re8 9. Qxd8 Rxd8 10. Nc3 Nc6 11. Rad1 Bf5 12. Nh4 Bg4 13. Bxc6 bxc6 14. f3 Be6 15. e4 Nd7 16. Rd3 Bf8 17. Bxf8 Kxf8 18. Rfd1 Ke7 19. Ng2 a5 20. Ne3 Rdb8 21. Na4 Nb6 22. Nc5 a4 23. Nxe6 Kxe6 24. Rc3 Rb7 25. Rxc6+ 1-0

[Event "TSV Trostberg 1-SF Augsburg 1"]
[Site "?"]
[Date "2023.11.19"]
[Round "2.2"]
[White "Weiss, Christian"]
[Black "Vuckovic, Aleksandar"]
[Result "1/2-1/2"]
[WhiteElo "2343"]
[BlackElo "2339"]
[PlyCount "86"]
[EventDate "2023.??.??"]
[WhiteTeam "TSV Trostberg 1"]
[BlackTeam "SF Augsburg 1"]

1. c4 e5 2. e3 Nc6 3. a3 d6 4. Nc3 f5 5. d4 Nf6 6. Nge2 Be7 7. g3 O-O 8. Bg2 Qe8 9. O-O Kh8 10. f4 Bd8 11. b4 a6 12. Qd2 Rb8 13. Bb2 Qf7 14. Nd5 e4 15. Nxf6 Bxf6 16. d5 Bxb2 17. Qxb2 Ne7 18. Rfd1 b5 19. Nc3 bxc4 20. Bf1 Bb7 21. Bxc4 Ng8 22. Be2 Nf6 23. Qd2 Rfe8 24. Rac1 Re7 25. Qd4 Ra8 26. Rc2 h6 27. Bc4 Kh7 28. Rg2 Qe8 29. a4 a5 30. Bb5 Qf7 31. bxa5 Rxa5 32. Rb2 Ra8 33. Bc6 Bxc6 34. dxc6 Ra6 35. Rb5 Kg6 36. Nd5 Nxd5 37. Rxd5 Rxc6 38. a5 Qf6 39. Qd2 Qc3 40. Qe2 Qc4 41. Qd2 Qc3 42. Qe2 Qc2 43. Qd2 Qc3 1/2-1/2

[Event "TSV Trostberg 1-SF Augsburg 1"]
[Site "?"]
[Date "2023.11.19"]
[Round "2.3"]
[White "Vuckovic, Zarko"]
[Black "Hinterreiter, Markus"]
[Result "1-0"]
[WhiteElo "2358"]
[BlackElo "2298"]
[PlyCount "107"]
[EventDate "2023.??.??"]
[WhiteTeam "SF Augsburg 1"]
[BlackTeam "TSV Trostberg 1"]

1. e4 e5 2. Nf3 Nc6 3. Bc4 Bc5 4. O-O Nf6 5. d3 d6 6. c3 a5 7. Re1 Ba7 8. Nbd2 O-O 9. Nf1 h6 10. Bb3 Re8 11. h3 Be6 12. Bc2 d5 13. Qe2 Qd6 14. Ng3 Rad8 15. Nh4 dxe4 16. dxe4 Ne7 17. Qf3 Bc8 18. Bb3 b5 19. a4 b4 20. Nh5 Kh7 21. Nxf6+ Qxf6 22. Qxf6 gxf6 23. Bxf7 Rf8 24. Bc4 Rd6 25. cxb4 axb4 26. Be3 Bd4 27. Bxd4 Rxd4 28. b3 Bb7 29. Nf3 Rd6 30. Rac1 Ng6 31. Bf1 Rc6 32. Nd2 Rc3 33. f3 Rd8 34. Nb1 Rxc1 35. Rxc1 c6 36. g3 Nf8 37. Bc4 Bc8 38. Kf2 Ne6 39. Ke3 Nd4 40. g4 h5 41. gxh5 Bxh3 42. Nd2 Kh6 43. f4 Bg4 44. fxe5 fxe5 45. Bd3 Bxh5 46. Rc5 Re8 47. Nc4 Nxb3 48. Rxc6+ Kg5 49. a5 Re7 50. a6 Be8 51. Rb6 Nc5 52. Be2 b3 53. Nd2 Re6 54. a7 1-0

[Event "TSV Trostberg 1-SF Augsburg 1"]
[Site "?"]
[Date "2023.11.19"]
[Round "2.4"]
[White "Knoll, Hermann"]
[Black "Lavrinenkov, Vadim"]
[Result "1/2-1/2"]
[WhiteElo "2206"]
[BlackElo "2286"]
[PlyCount "100"]
[EventDate "2023.??.??"]
[WhiteTeam "TSV Trostberg 1"]
[BlackTeam "SF Augsburg 1"]

1. d4 d5 2. Nf3 Nf6 3. c4 e6 4. Nc3 dxc4 5. e3 a6 6. a4 c5 7. Bxc4 Nc6 8. O-O Be7 9. dxc5 Qxd1 10. Rxd1 Bxc5 11. Be2 Ke7 12. Ne1 b6 13. Nd3 Bd6 14. Bf3 Bb7 15. b4 Rhb8 16. b5 Nb4 17. bxa6 Bxf3 18. gxf3 Nxd3 19. Rxd3 Rxa6 20. Nb5 Bc5 21. Bb2 Nd5 22. Kf1 f6 23. f4 g6 24. Ke2 Rba8 25. Rxd5 exd5 26. Nc7 f5 27. Nxa6 Rxa6 28. Bc3 Kd6 29. Kd3 Kc6 30. Be5 Ra8 31. h3 Kb7 32. Bc3 Be7 33. Bd4 Bd8 34. f3 Rc8 35. Rb1 Ra8 36. Ra1 Ra5 37. Bc3 Rc5 38. Rb1 Ka6 39. Bd4 Ra5 40. Rb4 Kb7 41. Rb5 Ka6 42. Rb4 Bc7 43. Be5 Kb7 44. Kd4 Kc6 45. Bxc7 Kxc7 46. Ke5 Kc6 47. Rd4 Rc5 48. Rd3 Ra5 49. Rd4 Rc5 50. Rd3 Ra5 1/2-1/2

[Event "TSV Trostberg 1-SF Augsburg 1"]
[Site "?"]
[Date "2023.11.19"]
[Round "2.5"]
[White "Weller, Uli"]
[Black "Mostbauer, Florian"]
[Result "1-0"]
[WhiteElo "2263"]
[BlackElo "2318"]
[PlyCount "99"]
[EventDate "2023.??.??"]
[WhiteTeam "SF Augsburg 1"]
[BlackTeam "TSV Trostberg 1"]

1. e4 c6 2. Nc3 d5 3. Qf3 dxe4 4. Nxe4 Nd7 5. b3 Ndf6 6. Bb2 Bg4 7. Qf4 Nxe4 8. Qxe4 Bh5 9. Ne2 Bg6 10. Qc4 Nf6 11. O-O-O Ne4 12. Rg1 Nxf2 13. Re1 Ne4 14. Nd4 e6 15. Bd3 Qd5 16. Bxe4 Bxe4 17. Nxe6 Qxc4 18. bxc4 fxe6 19. Rxe4 Kd7 20. Rf1 Re8 21. Rd4+ Kc8 22. Rf7 Be7 23. Rg4 Rhf8 24. Rgxg7 Rxf7 25. Rxf7 Rf8 26. Rxf8+ Bxf8 27. Kd1 Kd7 28. Be5 b5 29. cxb5 cxb5 30. Ke2 Kc6 31. Kf3 Kd5 32. Bb2 a5 33. d3 a4 34. h4 Be7 35. g3 e5 36. c4+ bxc4 37. dxc4+ Kxc4 38. Ke4 h5 39. Bxe5 Kb4 40. Kf5 Ka3 41. Kg6 Kxa2 42. Kxh5 Kb1 43. Kg6 a3 44. Kf7 Bb4 45. h5 Bd2 46. Kg7 a2 47. Kg6 Bb4 48. g4 Bd6 49. Bh8 Ba3 50. h6 1-0

[Event "TSV Trostberg 1-SF Augsburg 1"]
[Site "?"]
[Date "2023.11.19"]
[Round "2.7"]
[White "Abdic, Adnan"]
[Black "Huch, Reiner"]
[Result "1/2-1/2"]
[WhiteElo "2160"]
[BlackElo "2206"]
[PlyCount "102"]
[EventDate "2023.??.??"]
[WhiteTeam "SF Augsburg 1"]
[BlackTeam "TSV Trostberg 1"]

1. e4 e6 2. d4 d5 3. Nc3 Nf6 4. e5 Nfd7 5. f4 c5 6. Nf3 Nc6 7. Be3 a6 8. Qd2 Be7 9. dxc5 Nxc5 10. Nd4 Qc7 11. Bd3 f6 12. exf6 Bxf6 13. Nce2 Ne7 14. O-O-O Bd7 15. Kb1 O-O 16. Rhf1 b6 17. g4 e5 18. fxe5 Bxe5 19. h3 Qd6 20. Bf5 Nxf5 21. Nxf5 Bxf5 22. gxf5 Rad8 23. Bd4 Bf6 24. Bxf6 Qxf6 25. Nd4 Rfe8 26. Rg1 Rd7 27. Rg4 Re4 28. c3 Qe5 29. Rdg1 Rxg4 30. hxg4 Qe4+ 31. Ka1 Re7 32. Nc6 Re8 33. Nb4 Re5 34. Rd1 Qxg4 35. Nxd5 Qa4 36. Kb1 Qe4+ 37. Kc1 Qxf5 38. Nxb6 h6 39. b3 Kh7 40. Nc4 Re7 41. Nd6 Qg6 42. Kb2 Rd7 43. Qc2 Qxc2+ 44. Kxc2 g5 45. b4 Nb7 46. Ne4 Rxd1 47. Kxd1 Kg6 48. Ke2 Kf5 49. Ke3 Ke5 50. c4 Nd6 51. Nxd6 Kxd6 1/2-1/2

[Event "TSV Trostberg 1-SF Augsburg 1"]
[Site "?"]
[Date "2023.11.19"]
[Round "2.8"]
[White "Kern, Johannes"]
[Black "Blodig, Vincent"]
[Result "1-0"]
[WhiteElo "2148"]
[BlackElo "1913"]
[PlyCount "53"]
[EventDate "2023.??.??"]
[WhiteTeam "TSV Trostberg 1"]
[BlackTeam "SF Augsburg 1"]

1. d4 Nf6 2. Bf4 c6 3. e3 Qb6 4. Nd2 Qxb2 5. Ngf3 Nd5 6. Rb1 Qxa2 7. Bc4 Qa5 8. Ra1 Qd8 9. Bg3 g6 10. h4 d6 11. h5 gxh5 12. Rxh5 Bg4 13. Rh4 h5 14. Qb1 Nb6 15. Bd3 N8d7 16. c4 Qc8 17. Rh1 c5 18. Nh2 Nf6 19. Nxg4 Qxg4 20. Bf5 Qg7 21. Qxb6 e6 22. Qxb7 Rd8 23. Bc2 Nd7 24. Rxa7 cxd4 25. Ba4 f6 26. Ne4 Rh7 27. Bh4 1-0

[Event "SG PS Regensburg 1-SC NT Nuernberg 1"]
[Site "?"]
[Date "2023.11.19"]
[Round "2.1"]
[White "Milov, Leonid"]
[Black "Schmid, Roland"]
[Result "1-0"]
[WhiteElo "2427"]
[BlackElo "2209"]
[PlyCount "101"]
[EventDate "2023.??.??"]
[WhiteTeam "SC NT Nürnberg 1"]
[BlackTeam "SG PS Regensburg 1"]

1. c4 c6 2. Nf3 d5 3. g3 Nf6 4. d4 Bg4 5. Ne5 Bf5 6. cxd5 Bxb1 7. Rxb1 Qxd5 8. f3 Qxa2 9. Bd2 Qd5 10. e4 Qxd4 11. Qb3 Nfd7 12. Qxf7+ Kd8 13. Nxd7 Nxd7 14. Rd1 Qf6 15. Ba5+ b6 16. Qxf6 exf6 17. Bh3 bxa5 18. Rxd7+ Ke8 19. O-O Rb8 20. Rc1 c5 21. Rxa7 h5 22. Be6 Rb6 23. Bc4 Bd6 24. b3 h4 25. Rxg7 hxg3 26. hxg3 a4 27. bxa4 Rb2 28. f4 Bf8 29. Ra7 Rh3 30. Bb5+ Kd8 31. Rd1+ Kc8 32. Bd7+ Kb8 33. Bxh3 Kxa7 34. Be6 Rb4 35. Rd8 Be7 36. Rd7+ Rb7 37. Rxb7+ Kxb7 38. Kf2 Kb6 39. Ke2 Ka5 40. Bd7 Kb4 41. Kd3 Bd6 42. Bb5 Bc7 43. Ba6 Kb3 44. Bb5 Kb4 45. Ke3 Bb6 46. e5 fxe5 47. fxe5 c4+ 48. Ke4 c3 49. Bd3 Kxa4 50. g4 Bd8 51. Kf5 1-0

[Event "SG PS Regensburg 1-SC NT Nuernberg 1"]
[Site "?"]
[Date "2023.11.19"]
[Round "2.2"]
[White "Loos, Roland"]
[Black "Yelisieiev, Yevhenii"]
[Result "1/2-1/2"]
[WhiteElo "2234"]
[BlackElo "2387"]
[PlyCount "121"]
[EventDate "2023.??.??"]
[WhiteTeam "SG PS Regensburg 1"]
[BlackTeam "SC NT Nürnberg 1"]

1. d4 d5 2. c4 e6 3. Nc3 Bb4 4. a3 Bxc3+ 5. bxc3 Nf6 6. e3 O-O 7. cxd5 exd5 8. Bd3 c5 9. Ne2 Nc6 10. O-O Re8 11. a4 Bg4 12. Rb1 Qc7 13. f3 Bd7 14. e4 c4 15. Bf4 Qc8 16. Bc2 dxe4 17. fxe4 Nxe4 18. Ng3 Bg4 19. Qe1 Nc5 20. Qf2 Nd3 21. Bxd3 cxd3 22. d5 Na5 23. Bh6 f5 24. Bxg7 Kxg7 25. h3 Qxc3 26. hxg4 d2 27. gxf5 Qe3 28. Rfd1 Nc4 29. Nf1 Qxf2+ 30. Kxf2 b6 31. Nxd2 Ne3 32. Re1 Nxf5 33. a5 Rxe1 34. Rxe1 bxa5 35. Ra1 Kf6 36. Rxa5 Ke5 37. Nc4+ Kd4 38. d6 Kxc4 39. Rxf5 a5 40. d7 a4 41. Ra5 Rf8+ 42. Ke3 Kb4 43. Ra7 Kb5 44. Ke4 Rd8 45. Kf5 Kb6 46. Rxa4 Rxd7 47. g4 Kc5 48. Ra8 Kd5 49. Re8 Rf7+ 50. Kg5 Rg7+ 51. Kh5 Kd6 52. g5 Kd7 53. Re5 Kd6 54. Ra5 Ke6 55. Rb5 Ra7 56. Kh6 Rc7 57. Ra5 Rb7 58. Ra8 Kf5 59. g6 hxg6 60. Rf8+ Ke5 61. Kxg6 1/2-1/2

[Event "SG PS Regensburg 1-SC NT Nuernberg 1"]
[Site "?"]
[Date "2023.11.19"]
[Round "2.3"]
[White "Kirchner, Thomas"]
[Black "Pohl-Kuemmel, Jens-Uwe"]
[Result "1-0"]
[WhiteElo "2258"]
[BlackElo "2222"]
[PlyCount "75"]
[EventDate "2023.??.??"]
[WhiteTeam "SC NT Nürnberg 1"]
[BlackTeam "SG PS Regensburg 1"]

1. e4 c5 2. Nf3 d6 3. Bc4 Nc6 4. c3 Nf6 5. d3 e6 6. O-O Be7 7. Bb3 O-O 8. Re1 Bd7 9. Nbd2 Qc7 10. Nf1 Rac8 11. h3 b5 12. a3 a5 13. Bf4 Ne5 14. d4 Nxf3+ 15. Qxf3 cxd4 16. cxd4 a4 17. Ba2 Qb7 18. Bd2 Rfe8 19. Ng3 h6 20. Rad1 Bc6 21. Bb1 d5 22. e5 Ne4 23. Nxe4 dxe4 24. Qg4 Kf8 25. Re3 Bg5 26. Rg3 g6 27. Bxg5 hxg5 28. Qxg5 Qe7 29. Qh6+ Kg8 30. h4 Qf8 31. Qf4 Qg7 32. h5 Red8 33. Bxe4 Bxe4 34. Qxe4 Kh7 35. Rdd3 Rc4 36. hxg6+ fxg6 37. Qh4+ Qh6 38. Qe7+ 1-0

[Event "SG PS Regensburg 1-SC NT Nuernberg 1"]
[Site "?"]
[Date "2023.11.19"]
[Round "2.4"]
[White "Quast, Michael"]
[Black "Promyshlyanskyy, Vitaliy"]
[Result "1/2-1/2"]
[WhiteElo "2211"]
[BlackElo "2259"]
[PlyCount "80"]
[EventDate "2023.??.??"]
[WhiteTeam "SG PS Regensburg 1"]
[BlackTeam "SC NT Nürnberg 1"]

1. d4 Nf6 2. Bf4 g6 3. e3 Bg7 4. h3 d6 5. Nf3 O-O 6. Be2 Nfd7 7. O-O e5 8. Bh2 Nc6 9. c4 f5 10. Nc3 h6 11. Rc1 g5 12. d5 Ne7 13. b4 Nf6 14. c5 Kh8 15. cxd6 cxd6 16. Bc4 Bd7 17. Nd2 Ng6 18. Be2 Qe7 19. Bh5 Be8 20. Be2 Rg8 21. e4 f4 22. Nb5 Bxb5 23. Bxb5 Rac8 24. Qa4 g4 25. hxg4 Nxg4 26. Rxc8 Rxc8 27. Bd7 Nxh2 28. Bxc8 Nxf1 29. Kxf1 Bf8 30. Qc2 Nh4 31. Bh3 Kg7 32. Qc8 Ng6 33. Nf3 Qf7 34. Be6 Qe7 35. Bf5 Nh8 36. g3 fxg3 37. fxg3 Nf7 38. Kg2 b6 39. Nh4 Qg5 40. Qc2 Qe3 1/2-1/2

[Event "SG PS Regensburg 1-SC NT Nuernberg 1"]
[Site "?"]
[Date "2023.11.19"]
[Round "2.5"]
[White "Heimrath, Reiner"]
[Black "Wutz, Christoph"]
[Result "0-1"]
[WhiteElo "2163"]
[BlackElo "2174"]
[PlyCount "152"]
[EventDate "2023.??.??"]
[WhiteTeam "SC NT Nürnberg 1"]
[BlackTeam "SG PS Regensburg 1"]

1. e4 e6 2. Qe2 c5 3. g3 Nc6 4. Bg2 d6 5. c3 g6 6. f4 Nge7 7. Nf3 Bg7 8. O-O O-O 9. Na3 e5 10. Re1 h6 11. Nc2 Be6 12. d3 Qc7 13. Be3 Rae8 14. Qd2 Kh7 15. d4 cxd4 16. cxd4 exf4 17. Bxf4 Qb6 18. Be3 d5 19. e5 Rc8 20. Rec1 Rc7 21. Nce1 Nf5 22. Bf2 Rfc8 23. g4 Nfe7 24. h3 Qb4 25. Qxb4 Nxb4 26. Rxc7 Rxc7 27. a3 Nbc6 28. Rc1 Rc8 29. Be3 Na5 30. Rxc8 Bxc8 31. Nd3 b6 32. Nfe1 f6 33. Bd2 Nc4 34. Bc3 Ne3 35. Bf3 Nc4 36. Nc2 fxe5 37. dxe5 Nc6 38. Bxd5 N6xe5 39. Nf4 Nd6 40. Kf2 g5 41. Nh5 Bh8 42. Kg3 Ba6 43. Ne1 Bc4 44. Bg2 Bf7 45. Kf2 Bg6 46. Ke2 Nb5 47. Bd5 Nxg4 48. Bxh8 Bxh5 49. Bf3 Kxh8 50. hxg4 Nd4+ 51. Ke3 Nxf3 52. Kxf3 Bg6 53. Ke3 Kg7 54. Nf3 Kf6 55. Nd4 Be8 56. Ne2 Bd7 57. Kf3 Ke5 58. Ng3 Ba4 59. Nf1 Bd1+ 60. Kg3 Kd4 61. Nh2 Ke3 62. Nf1+ Kd3 63. Kh3 h5 64. gxh5 Bxh5 65. a4 a5 66. Kg3 Be2 67. Nh2 Kc2 68. Kf2 Bh5 69. Nf1 Kxb2 70. Nd2 Bf7 71. Ne4 g4 72. Ke3 Kb3 73. Nd6 Be6 74. Ne4 Kxa4 75. Kd4 Kb4 76. Ke5 Bc8 0-1

[Event "SG PS Regensburg 1-SC NT Nuernberg 1"]
[Site "?"]
[Date "2023.11.19"]
[Round "2.6"]
[White "Werner, Claus"]
[Black "Kabatianski, Alexander"]
[Result "0-1"]
[WhiteElo "2141"]
[BlackElo "2269"]
[PlyCount "108"]
[EventDate "2023.??.??"]
[WhiteTeam "SG PS Regensburg 1"]
[BlackTeam "SC NT Nürnberg 1"]

1. e4 c5 2. Nf3 d6 3. d4 cxd4 4. Nxd4 Nf6 5. Nc3 Nc6 6. Bg5 e6 7. Qd2 a6 8. f3 Bd7 9. O-O-O Qc7 10. Kb1 Be7 11. h4 Ne5 12. h5 h6 13. Be3 b5 14. Bd3 b4 15. Nce2 d5 16. exd5 Nxd5 17. f4 Ng4 18. Bg1 O-O 19. Be4 Rab8 20. Bxd5 exd5 21. Qd3 Rfe8 22. Qf3 Nf6 23. f5 Bd6 24. Be3 Re4 25. g3 a5 26. Bf4 Rbe8 27. Rh4 a4 28. Qd3 Qb6 29. Bxd6 Rxh4 30. gxh4 Qxd6 31. Ng3 Qf4 32. Qf3 Qxh4 33. Nde2 Qg5 34. Nf4 Bxf5 35. Nxd5 Bg4 36. Nxf6+ gxf6 37. Qc6 Rc8 38. Qb7 Qc5 39. Rc1 f5 40. Qa6 Kg7 41. Qxa4 f4 42. Nf1 Bxh5 43. Qd7 Bg6 44. Qd2 Qc4 45. Nh2 Qe4 46. Ng4 Rc5 47. Qd6 Rxc2 48. Qf6+ Kh7 49. Qxf7+ Bxf7 50. Nf6+ Kg6 51. Nxe4 Rxc1+ 52. Kxc1 Bxa2 53. Kd2 Kf5 54. Nf2 Bc4 0-1

[Event "SG PS Regensburg 1-SC NT Nuernberg 1"]
[Site "?"]
[Date "2023.11.19"]
[Round "2.7"]
[White "Epding, Olaf"]
[Black "Gruber, Roland"]
[Result "1-0"]
[WhiteElo "2107"]
[BlackElo "2093"]
[PlyCount "69"]
[EventDate "2023.??.??"]
[WhiteTeam "SC NT Nürnberg 1"]
[BlackTeam "SG PS Regensburg 1"]

1. e4 c5 2. Nf3 b6 3. d4 cxd4 4. Bc4 Qc7 5. Qxd4 Nc6 6. Qd3 e6 7. O-O Nf6 8. a3 Ng4 9. Nc3 a6 10. h3 Nce5 11. Nxe5 Nxe5 12. Qg3 Qxc4 13. Qxe5 d6 14. Qg3 Bb7 15. Bf4 O-O-O 16. Rad1 e5 17. Be3 Bxe4 18. Bxb6 Rd7 19. Nxe4 Qxe4 20. Rd3 Qf4 21. Qxf4 exf4 22. Rfd1 Be7 23. Bd4 f6 24. Re1 Kb7 25. Rb3+ Kc6 26. Rb6+ Kd5 27. Rd1 Ke4 28. f3+ Kf5 29. Rxa6 Rc8 30. c3 d5 31. Ra5 Ke6 32. Re1+ Kd6 33. b4 Bd8 34. Bc5+ Kc6 35. Re6+ 1-0

[Event "SG PS Regensburg 1-SC NT Nuernberg 1"]
[Site "?"]
[Date "2023.11.19"]
[Round "2.8"]
[White "Heil, Dietmar"]
[Black "Danninger, Hugo Kian"]
[Result "1/2-1/2"]
[WhiteElo "1936"]
[BlackElo "2076"]
[PlyCount "49"]
[EventDate "2023.??.??"]
[WhiteTeam "SG PS Regensburg 1"]
[BlackTeam "SC NT Nürnberg 1"]

1. c4 e6 2. Nc3 d5 3. cxd5 exd5 4. d4 Nf6 5. Bf4 Be7 6. e3 c6 7. Bd3 O-O 8. Nge2 Nbd7 9. O-O Nh5 10. Bg3 g6 11. a3 a5 12. Rc1 Ndf6 13. Na4 Nxg3 14. hxg3 Bd6 15. Nf4 Re8 16. Qb3 Rb8 17. Rfe1 Bd7 18. Nc5 g5 19. Nxd7 Qxd7 20. Ne2 Ne4 21. Bxe4 Rxe4 22. Nc3 Re6 23. Qc2 Rbe8 24. Qf5 Qe7 25. Rc2 1/2-1/2

[Event "SK Kriegshaber 1-SK Tarrasch Muenchen 1"]
[Site "?"]
[Date "2023.11.19"]
[Round "2.1"]
[White "Maksimenko, Andrei"]
[Black "Demel, Paul"]
[Result "1-0"]
[WhiteElo "2453"]
[BlackElo "2108"]
[PlyCount "69"]
[EventDate "2023.??.??"]
[WhiteTeam "SK Tarrasch München 1"]
[BlackTeam "SK Kriegshaber 1"]

1. c4 e6 2. Nf3 d5 3. g3 Nf6 4. Bg2 dxc4 5. Qa4+ Nbd7 6. Qxc4 a6 7. Qc2 c5 8. O-O Be7 9. d4 O-O 10. Rd1 Nd5 11. e4 Nb4 12. Qe2 b5 13. dxc5 Bxc5 14. Nc3 Nc6 15. e5 Rb8 16. Ng5 Ncxe5 17. Bf4 Qb6 18. Nce4 f6 19. Nxe6 Re8 20. N6xc5 Nxc5 21. Be3 Bg4 22. Qf1 Nf3+ 23. Bxf3 Bxf3 24. Nxc5 Bxd1 25. Rxd1 Rbd8 26. b4 Qc6 27. h4 Qf3 28. Rxd8 Rxd8 29. Qg2 Qe2 30. a3 Qb2 31. Nxa6 Qxa3 32. Qc6 Qd3 33. Bc5 Qe2 34. Nc7 h5 35. Kh2 1-0

[Event "SK Kriegshaber 1-SK Tarrasch Muenchen 1"]
[Site "?"]
[Date "2023.11.19"]
[Round "2.2"]
[White "Kudrytsky, Stanislav"]
[Black "Das, Soham"]
[Result "0-1"]
[WhiteElo "2055"]
[BlackElo "2374"]
[PlyCount "102"]
[EventDate "2023.??.??"]
[WhiteTeam "SK Kriegshaber 1"]
[BlackTeam "SK Tarrasch München 1"]

1. d4 d5 2. c4 c6 3. Nf3 Nf6 4. g3 Bf5 5. Bg2 e6 6. O-O Nbd7 7. b3 h6 8. Nbd2 Be7 9. Bb2 a5 10. a3 Ne4 11. Ne1 Nxd2 12. Qxd2 a4 13. b4 h5 14. cxd5 cxd5 15. f3 Bg5 16. e3 h4 17. g4 h3 18. gxf5 hxg2 19. Rf2 Nb6 20. f4 Bh4 21. Rxg2 Bxe1 22. Rxe1 exf5 23. Qd3 g6 24. Qb5+ Kf8 25. Rc1 Qd6 26. Rc5 Re8 27. Bc1 Kg7 28. Rg3 Qf6 29. Kg2 Re7 30. Rc3 Qh4 31. h3 Qf6 32. Bd2 Qe6 33. Qd3 Nc4 34. Be1 b5 35. Bf2 Ree8 36. Bg1 Rh5 37. Bf2 Reh8 38. Qc2 R8h7 39. Bg1 Qe8 40. Qe2 Nd6 41. Rc5 Qh8 42. Rxd5 Ne4 43. Qxb5 Nxg3 44. Kxg3 Rxh3+ 45. Kf2 Rh1 46. Rd7 R7h2+ 47. Bxh2 Qxh2+ 48. Kf3 Qh3+ 49. Kf2 Rh2+ 50. Ke1 Qxe3+ 51. Kd1 Qd2# 0-1

[Event "SK Kriegshaber 1-SK Tarrasch Muenchen 1"]
[Site "?"]
[Date "2023.11.19"]
[Round "2.3"]
[White "Meier, Volker"]
[Black "Reis, Thomas"]
[Result "0-1"]
[WhiteElo "2190"]
[BlackElo "2210"]
[PlyCount "94"]
[EventDate "2023.??.??"]
[WhiteTeam "SK Tarrasch München 1"]
[BlackTeam "SK Kriegshaber 1"]

1. d4 d5 2. c4 e6 3. Nf3 Nf6 4. g3 Be7 5. Bg2 O-O 6. O-O c6 7. Qc2 b6 8. Rd1 Nbd7 9. Nbd2 Bb7 10. e4 dxc4 11. Nxc4 c5 12. e5 Nd5 13. b3 Rc8 14. Bb2 cxd4 15. Qe4 Ba6 16. Qxd4 Bc5 17. Qg4 Bxc4 18. bxc4 Ne7 19. Rac1 Nf5 20. Qe4 Rc7 21. Rd2 Bb4 22. Rdd1 Qe7 23. g4 Nh4 24. Bf1 Nxf3+ 25. Qxf3 Rd8 26. h3 Nf8 27. Rxd8 Qxd8 28. Rd1 Rd7 29. Rxd7 Qxd7 30. Bd3 Bc5 31. Kg2 Qa4 32. a3 h6 33. h4 Qd7 34. Qe4 Qe7 35. Kg3 Bxa3 36. Bd4 Bc5 37. h5 a5 38. Bc2 Bxd4 39. Qxd4 Qa3+ 40. f3 Qb4 41. Qd6 Qxc4 42. Be4 Qc5 43. Bc6 f6 44. f4 Qe3+ 45. Bf3 fxe5 46. fxe5 a4 47. g5 hxg5 0-1

[Event "SK Kriegshaber 1-SK Tarrasch Muenchen 1"]
[Site "?"]
[Date "2023.11.19"]
[Round "2.4"]
[White "Kamenskyi, Dmytro"]
[Black "Reinhard, Simon"]
[Result "1-0"]
[WhiteElo "2107"]
[BlackElo "2102"]
[PlyCount "57"]
[EventDate "2023.??.??"]
[WhiteTeam "SK Kriegshaber 1"]
[BlackTeam "SK Tarrasch München 1"]

1. e4 c6 2. d4 d5 3. exd5 cxd5 4. c4 Nf6 5. Nc3 Nc6 6. Nf3 a6 7. c5 g6 8. Be2 Bg7 9. Na4 Bg4 10. Nb6 Ra7 11. O-O O-O 12. Bg5 h6 13. Be3 e6 14. Ne5 Bxe2 15. Qxe2 Qc7 16. Rfe1 Ne4 17. f3 Nf6 18. Bf2 Nb8 19. Rad1 Nbd7 20. Bg3 Qd8 21. Nexd7 Nxd7 22. Bd6 Re8 23. Nxd5 Qh4 24. Qe4 Qxe4 25. Rxe4 Nf6 26. Nxf6+ Bxf6 27. b4 Raa8 28. Kf2 Bh4+ 29. Rxh4 1-0